|
|
|
|
| LEADER |
00000nam a22000007a 4500 |
| 005 |
20200601171515.0 |
| 007 |
cr|||| |||| |
| 008 |
200601s2017 br |||||s|||| 00||0 eng d |
| 020 |
|
|
|a 978-65-86060-01-0
|
| 035 |
|
|
|a 31653
|
| 040 |
|
|
|a vLex
|
| 090 |
|
|
|c 10485
|d 10485
|
| 100 |
1 |
|
|a Freitas Mohallem, Michael
|
| 245 |
1 |
0 |
|a Integrity and Transparency in Brazil's State-Owned Enterprises
|h [Recurso electrn̤ico] /
|c Michael Freitas Mohallem, Beto Vasconcelos
|
| 256 |
|
|
|a Servicio en ln̕ea
|
| 260 |
|
|
|a Ro̕ de Janeiro:
|b FGV - Direito Rio,
|c 2017
|
| 300 |
|
|
|a 1 recurso electrn̤ico
|
| 506 |
1 |
|
|a Disponible solo en los productos indicados
|d vLex Global
|d vLex Global (Academic Edition, excluding Law Schools)
|d vLex Global (U.S. Academic Edition, Law Schools)
|d vLex Global (U.S. Academic Edition, excluding Law Schools)
|d vLex Global (Academic Edition, Law Schools)
|
| 650 |
0 |
4 |
|a Derecho Internacional
|z Brasil
|
| 700 |
1 |
|
|a Vasconcelos, Beto
|
| 700 |
1 |
|
|a France, Guilherme
|
| 740 |
0 |
|
|a vLex Libros (Servicio en ln̕ea)
|
| 856 |
4 |
0 |
|u http://vlex.com/source/integrity-and-transparency-in-brazil-s-state-owned-enterprises-31653
|z Acceso restringido
|
| 942 |
|
|
|c BOOK
|
| 999 |
0 |
|
|a International right
|